Catálogo
 En Linea

SSem Tob Ibn SSaprut :"la piedra de toque" (Eben Bohan) : (Registro nro. 38704)

Detalles MARC
000 -CABECERA
campo de control de longitud fija 00922nam a2200217 a 4500
001 - NÚMERO DE CONTROL
campo de control 000039214
005 - FECHA Y HORA DE LA ÚLTIMA TRANSACCIÓN
campo de control 20201002031540.0
008 - DATOS DE LONGITUD FIJA--INFORMACIÓN GENERAL
campo de control de longitud fija 130611s1997 sp 000 0 spa d
020 ## - NÚMERO INTERNACIONAL ESTÁNDAR DEL LIBRO
Número Internacional Estándar del Libro 8400076648
040 ## - FUENTE DE LA CATALOGACIÓN
Centro catalogador/agencia de origen DO-SdBNP
100 1# - ENTRADA PRINCIPAL--NOMBRE DE PERSONA
Nombre de persona Vicente Niclós, José
9 (RLIN) 65409
245 13 - MENCIÓN DE TÍTULO
Título SSem Tob Ibn SSaprut :"la piedra de toque" (Eben Bohan) :
Resto del título una obra de controversia judeo-cristiana : introducción, edición crítica, traducción y notas al libro I. /
Mención de responsabilidad, etc. José Vicente Niclós.
260 ## - PUBLICACIÓN, DISTRIBUCIÓN, ETC.
Lugar de publicación, distribución, etc. Madrid :
Nombre del editor, distribuidor, etc. Consejo Superior de Investigaciones Científicas,
Fecha de publicación, distribución, etc. 1997.
300 ## - DESCRIPCIÓN FÍSICA
Extensión 474 p. ;
Dimensiones 26 cm.
490 1# - MENCIÓN DE SERIE
Mención de serie Biblioteca hispana biblica
Designación de volumen o secuencia 16
500 ## - NOTA GENERAL
Nota general Texto en español y hebreo
500 ## - NOTA GENERAL
Nota general Incluye referencias bibliográficas y notas al pie de las páginas
504 ## - NOTA DE BIBLIOGRAFÍA, ETC.
Nota de bibliografía, etc. Bibliografía
710 2# - PUNTO DE ACCESO ADICIONAL--NOMBRE DE ENTIDAD CORPORATIVA
Nombre de entidad corporativa o nombre de jurisdicción como elemento de entrada Consejo Superior de Investigaciones Científicas (Espanya)
9 (RLIN) 63895
830 #0 - PUNTO DE ACCESO ADICIONAL DE SERIE-TÍTULO UNIFORME
Título uniforme Biblioteca hispana biblica
Designación de volumen o secuencia 16
9 (RLIN) 65410
Existencias
Estado de retiro Estado de pérdida Restricciones de uso No para préstamo Código de colección Localización permanente Ubicación/localización actual Ubicación en estantería Fecha de adquisición Número de inventario Total de préstamos Signatura topográfica completa Código de barras Fecha visto por última vez Precio válido a partir de Tipo de ítem Koha
      Excluido de préstamo Monografías: Libros y Folletos General General En catalogación 11.06.2013 LF1   39214-10 25.06.2020 25.06.2020 No se presta

Con tecnología Koha